Blended learning ako moderná metóda vzdelávania

Problematika vyučovania prostredníctvom e-learningu a blended learningu, ktorého cieľom je poukázať na význam blended learningu vo vzdelávaní.

Uložené v:
Podrobná bibliografia
Hlavný autor: Karkalíková, Marta
Ďalší autori: Kováčová, Natália
Médium: Kapitola
Jazyk:Slovak
Predmet:
Tagy: Pridať tag
Žiadne tagy, Buďte prvý, kto otaguje tento záznam!

MARC

LEADER 00000nla a2200000 4500
001 0163785
005 20240530102623.8
041 0 |a slo 
044 |a SK 
245 1 0 |a Blended learning ako moderná metóda vzdelávania  |c Marta Karkalíková, Natália Kováčová 
520 |a Problematika vyučovania prostredníctvom e-learningu a blended learningu, ktorého cieľom je poukázať na význam blended learningu vo vzdelávaní. 
610 2 0 |a vzdelávanie 
610 2 0 |a vzdelávanie elektronické 
610 2 0 |a vyučovanie 
610 2 0 |a školy vysoké 
610 2 0 |a technológie informačné 
610 2 0 |a technológie komunikačné 
100 1 |a Karkalíková, Marta 
700 1 |a Kováčová, Natália